00460nam a22001697a 450000500170000001000150001702000230003203500140005503700140006908200100008310000160009324500450010926000390015427000530019330000210024650000230026720180829105742.0 aENG-123877 c495.00a8186599789 aEN-107409 bDBAD/PUB. a880.8 aCoombes, H. aLiterature and criticism/cby H. Coombes c2017aJaipurbSurabhi Publications aRasta sanghi ji, S.M.S. Highway,bJaipure302003 c22cm(Hb.)a160p. aIt includes index